000
00224 a2200097 4500
001
1556
100
_a
Harrold, M.A
245
_a
Aircraft shet metal coustruction and repairs
260
_a
_b
F.J Wrake
_c
090
_c
1095
_d
1095
942
_a
NUST-CAE
_c
M
_c
1058
999
_c
236629
_d
236629